| LEADER | 03189nam a2200697 i 4500 | ||
|---|---|---|---|
| 001 | 312073 | ||
| 003 | CZ PrSKC | ||
| 005 | 20260601215716.0 | ||
| 007 | ta | ||
| 008 | 230728s2023 xr ach e f 000 0dcze | ||
| 015 | |a cnb003534966 | ||
| 020 | |a 9788026511519 |q (vázáno) : |c Kč 399,00 | ||
| 035 | |a (OCoLC)1396730748 | ||
| 040 | |a BOA001 |b cze |e rda | ||
| 043 | |a e-cs--- |a x------ | ||
| 045 | |a x7x7 | ||
| 072 | 7 | |a 316.7 |x Sociologie kultury. Kulturní život |2 Konspekt | |
| 080 | |a 94-021.143 |2 MRF | ||
| 080 | |a 316.7:7.011.26 |2 MRF | ||
| 080 | |a 316.728 |2 MRF | ||
| 080 | |a 94(437) |2 MRF | ||
| 080 | |a (100) |2 MRF | ||
| 080 | |a (437) |2 MRF | ||
| 080 | |a (0.062) |2 MRF | ||
| 080 | |a (048.8) |2 MRF | ||
| 100 | 1 | |a Ježek, Martin |7 xx0102699 |4 aut | |
| 245 | 1 | 0 | |a Můj rok 1971 / |c Martin Ježek |
| 250 | |a 2. vydání | ||
| 264 | 1 | |a V Brně : |b BizBooks, |c 2023 | |
| 300 | |a 232 stran : |b ilustrace (některé barevné), portréty, faksimile ; |c 24 cm | ||
| 336 | |a text |b txt |2 rdacontent | ||
| 337 | |a bez média |b n |2 rdamedia | ||
| 338 | |a svazek |b nc |2 rdacarrier | ||
| 500 | |a Chronologický přehled | ||
| 504 | |a Obsahuje bibliografii | ||
| 520 | 2 | |a Průběh roku 1971 v Československu i ve světě. |b V úvodu najdeme přehled významných osobností, které se narodily v tehdejším Československu i v jiných státech. Práce dále přibližuje dění v oblastech literatury, filmu, hudby, výtvarného umění, architektury, módy, zdraví nebo sportu. Pozornost je věnována také nejdůležitějším událostem tohoto roku v Československu i v zahraničí. | |
| 648 | 4 | |a 1971 | |
| 648 | 7 | |a 1971-1980 |7 ch460585 |2 czenas | |
| 650 | 0 | 7 | |a události |7 ph126858 |z země světa |y 1971-1980 |2 czenas |
| 650 | 0 | 7 | |a události |7 ph126858 |z Československo |y 1971-1980 |2 czenas |
| 650 | 0 | 7 | |a masová kultura |7 ph122659 |z země světa |y 1971-1980 |2 czenas |
| 650 | 0 | 7 | |a masová kultura |7 ph122659 |z Československo |y 1971-1980 |2 czenas |
| 650 | 0 | 7 | |a každodenní život |7 ph121555 |z Československo |y 1971-1980 |2 czenas |
| 650 | 0 | 9 | |a events |z countries of the world |y 1971-1980 |2 eczenas |
| 650 | 0 | 9 | |a events |z Czechoslovakia |y 1971-1980 |2 eczenas |
| 650 | 0 | 9 | |a popular culture |z countries of the world |y 1971-1980 |2 eczenas |
| 650 | 0 | 9 | |a popular culture |z Czechoslovakia |y 1971-1980 |2 eczenas |
| 650 | 0 | 9 | |a everyday life |z Czechoslovakia |y 1971-1980 |2 eczenas |
| 651 | 7 | |a Československo |7 ge131689 |x dějiny |y 1971-1980 |2 czenas | |
| 651 | 9 | |a Czechoslovakia |x history |y 1971-1980 |2 eczenas | |
| 655 | 7 | |a populárně-naučné publikace |7 fd131864 |2 czenas | |
| 655 | 7 | |a přehledy |7 fd133202 |2 czenas | |
| 655 | 9 | |a popular works |2 eczenas | |
| 655 | 9 | |a surveys |2 eczenas | |
| 900 | |a ABA001 |b 19 | ||
| 928 | 9 | |a Albatros Media - BizBooks | |
| 044 | |a xr | ||
| 787 | 0 | 8 | |g 0 |i Z cyklu: |t Můj rok |
| 910 | |a RBIT002 | ||
| 998 | |d 385737 |a https://core.palmknihy.cz/api/books/385737/cover?si9mzs |b https://core.palmknihy.cz/api/books/385737/cover/400?si9mzs |c https://core.palmknihy.cz/api/books/385737/cover/50?si9mzs |e 2031-12-31 |g 232 |i 9788026511519 |k https://core.palmknihy.cz/api/books/385737/preview.pdf |l |q 49 |r 1 |s https://www.palmknihy.cz/kniha/385737 |t ebook |y 2023 |z 0 |v Můj rok |w 0 | ||
| 999 | |d 312071 | ||